000 00396nam a2200157Ia 4500
008 151213s9999 xx 000 0 und d
100 _aK.R.Mahishi
245 _aProse For Pleasure
_cK.R.Mahishi
250 _a1st
260 _aIndia
_bSomaiya Pblisher PVT.
_c1969
300 _a4479 p.
650 _aEnglish Literature
650 _aEnglish Literature
700 _aK.R.Mahishi
999 _c2854
_d2854